Sports Quiz

Random Sports or Letter Quiz

Common Beginnings: English League FC Quiz Stats

Quiz Updated Nov 11, 2016

Also try: Soccer Team Crests
Challenge
Share
Tweet
Embed
Score 0/14 Timer 03:00
0 Plays Today
Number of Clubs Combination % Correct
2MAN
95.5%
3CHE
78.8%
2WES
69.5%
2BLA
69.2%
2SOU
62.1%
2NOR
61.9%
3BRI
55.7%
Number of Clubs Combination % Correct
2SHE
54.7%
2POR
49.5%
2NOT
48.7%
2CAR
48%
3BUR
46.9%
2BAR
40.5%
2MIL
22.5%

You're not logged in!

Compare scores with friends on all Sporcle quizzes.
Sign Up with Email
OR
Log In

You Might Also Like...

Show Comments

Extras

Top Quizzes Today


Score Distribution

Your Account Isn't Verified!

In order to create a playlist on Sporcle, you need to verify the email address you used during registration. Go to your Sporcle Settings to finish the process.